000 00391nam a2200169 i 4500
001 bg
245 0 _aFizika żidkogo sostojanija.
250 _aVyp. 5.
260 _aKiev :
_b"Visca Skola",
_c1977.
300 _as. 125, nlb. 3 :
_brys., tab.
500 _a[Alf. ros.].
040 _cBPK
041 _apol
080 _a532
942 _cKS
008 s pl f |000 0 pol
999 _c27861
_d27861
856 _uhttp://koha.tu.koszalin.pl/cgi-bin/koha/opac-detail.pl?biblionumber=27861
_yKatalog online BPK